Asom andolan : (Record no. 11024)

MARC details
000 -LEADER
fixed length control field 00551cam a2200193ua 4500
001 - CONTROL NUMBER
control field 12282
005 - DATE AND TIME OF LATEST TRANSACTION
control field 20260515114847.0
008 - FIXED-LENGTH DATA ELEMENTS--GENERAL INFORMATION
fixed length control field 200825n ii |||gr||||Z||||||asm
020 ## - INTERNATIONAL STANDARD BOOK NUMBER
International Standard Book Number 9789324404176
040 ## - CATALOGING SOURCE
Transcribing agency MAIN
082 ## - DEWEY DECIMAL CLASSIFICATION NUMBER
Classification number 954.162
100 ## - MAIN ENTRY--PERSONAL NAME
Personal name Joyshree Goswami Mahanta,
Relator term Editor.,
245 ## - TITLE STATEMENT
Title Asom andolan :
Remainder of title Yugamia cintar ek pratifalan volume III /
Statement of responsibility, etc. Ed by Joyshree Goswami Mahanta .
250 ## - EDITION STATEMENT
Edition statement 2nd ed. /
Remainder of edition statement V.III.
260 ## - PUBLICATION, DISTRIBUTION, ETC.
Place of publication, distribution, etc. Guwahati:
Name of publisher, distributor, etc. Chandra prakash,
Date of publication, distribution, etc. 2015.
300 ## - PHYSICAL DESCRIPTION
Extent 248p.
653 ## - INDEX TERM--UNCONTROLLED
Uncontrolled term South Asia India
942 ## - ADDED ENTRY ELEMENTS (KOHA)
Koha item type Books
Holdings
Withdrawn status Lost status Damaged status Not for loan Home library Current library Shelving location Date acquired Total checkouts Full call number Barcode Date last seen Copy number Price effective from Koha item type
        Naharkatiya College Library Naharkatiya College Library General stacks 09/19/2020   954.162 | ASO 26169 09/19/2020 1 09/19/2020 Books